Shu Yang er gong ji : 1 juan /

Saved in:
书目详细资料
主要作者: Shu, Fen.
其他作者: Yang, Shen.
格式: 图书
语言:Chinese
出版: Taibei Shi : Guo lian tu shu chu ban you xian gong si, Min guo 53 [1964]
丛编:Huang Ming jing shi wen bian ; 11.
标签: 添加标签
没有标签, 成为第一个标记此记录!
LEADER 01207cam a2200289ui 4500
001 007788511-2
005 20024617112705.0
008 980512r19641638ch 000 0 chi d
035 0 |a ocm39102369 
040 |a *YNH*  |c *YNH*  |d CStRLIN 
100 1 |6 880-01  |a Shu, Fen. 
245 1 0 |6 880-02  |a Shu Yang er gong ji :  |b 1 juan /  |c Shu Fen, Yang Shen zhuan. 
260 |6 880-03  |a Taibei Shi :  |b Guo lian tu shu chu ban you xian gong si,  |c Min guo 53 [1964] 
300 |a 1 v. ;  |c 21 cm. 
490 1 |6 880-04  |a Huang Ming jing shi wen bian ;  |v 11 
500 |6 880-05  |a "Ben shu yi ju Guo li zhong yang tu shu guan zhen cang Ming Chongzhen jian [1638] Ping lu tang kan ben ying yin." 
700 1 |6 880-06  |a Yang, Shen. 
880 1 |6 100-01  |a 舒芬. 
880 1 0 |6 245-02  |a 舒楊二公集 :  |b 1卷 /  |c 舒芬, 楊愼撰. 
880 |6 260-03  |a 台北市 :  |b 國聯圖書出版有限公司,  |c 民國53 [1964] 
880 1 |6 490-04  |a 皇明經世文編 ;  |v 11 
880 |6 500-05  |a "本書依據國立中央圖書館珍藏明崇禎間[1638]平露堂刊本影印." 
880 1 |6 700-06  |a 楊愼. 
830 0 |6 880-54  |a Huang Ming jing shi wen bian ;  |v 11. 
880 0 |6 830-54  |a 皇明經世文編 ;  |v 11. 
988 |a 20021121 
906 |0 MH